Monitor stavu hospodárstva Slovenskej republiky

Salvato in:
Dettagli Bibliografici
Natura: Periodico
Lingua:slovacco
inglese
Pubblicazione: Bratislava Štatistický úrad Slovenskej republiky 1995
Soggetti:
Tags: Aggiungi Tag
Nessun Tag, puoi essere il primo ad aggiungerne!!

MARC

LEADER 00000nas2a2200000 4500
001 s102022
005 20221220131037.1
041 0 |a slo 
041 0 |a eng 
044 |a SK 
245 1 0 |a Monitor stavu hospodárstva Slovenskej republiky 
264 1 |a Bratislava  |b Štatistický úrad Slovenskej republiky  |c 1995 
300 |a 1 zv. 
773 0 |w eu_un_cat*s120067 
610 2 0 |a štatistika republiková 
610 2 0 |a hospodárstvo národné 
610 2 0 |a ukazovatele štatistické